书目信息 |
| 题名: |
英语专业四级考试词汇结构1000例
|
|
| 作者: | 申富英 编 | |
| 分册: | ||
| 出版信息: | 大连 大连理工大学出版社 2000 |
|
| 页数: | 327页 | |
| 开本: | 20cm | |
| 丛书名: | ||
| 单 册: | ||
| 中图分类: | H313.6 | |
| 科图分类: | ||
| 主题词: | 英语 | |
| 电子资源: | ||
| ISBN: | 7-5611-1746-9 | |
| 000 | 00584nam0 2200193 450 | |
| 001 | 0764493559 | |
| 005 | 20070730114444.60 | |
| 010 | @a7-5611-1746-9@dCNY12.00 | |
| 100 | @a20070723d2000 km y0chiy0120 ea | |
| 101 | 0 | @achi |
| 200 | 1 | @a英语专业四级考试词汇结构1000例@Aying yu zhuan ye si ji kao shi ci hui jie gou 1000 li@f申富英等编@Fshen fu ying deng bian |
| 205 | @a3版 | |
| 210 | @a大连@c大连理工大学出版社@d2000 | |
| 215 | @a327页@d20cm | |
| 606 | 0 | @a英语 |
| 690 | @aH313.6@v3 | |
| 701 | 0 | @a申富英@Ashen fu ying@4编 |
| 801 | 0 | @aCN@bPFT@c20070730 |
| 905 | @a10447@dH313.6@e657=3 | |
| 英语专业四级考试词汇结构1000例/申富英等编.-3版.-大连:大连理工大学出版社,2000 |
| 327页;20cm |
| ISBN 7-5611-1746-9:CNY12.00 |
| ● |
| 相关链接 |
|
|
|
|
正题名:英语专业四级考试词汇结构1000例
索取号:H313.6/657=3
 
预约/预借
| 序号 | 登录号 | 条形码 | 馆藏地/架位号 | 状态 | 备注 |
| 1 | 0782980 | 207829803 | 密集书库/ [索取号:H313.6/657=3] | 在馆 | |
| 2 | 0788153 | 207881531 | 第二样本阅览室/ [索取号:H313.6/657=3] | 在馆 |